Design and Build Institute of America (Record no. 119446)
[ view plain ]
| 000 -LEADER | |
|---|---|
| fixed length control field | 00831cam a2200193 4500 |
| 001 - CONTROL NUMBER | |
| control field | WS104707 |
| 008 - FIXED-LENGTH DATA ELEMENTS--GENERAL INFORMATION | |
| fixed length control field | 000000n 000 0 eng u |
| 035 ## - SYSTEM CONTROL NUMBER | |
| System control number | (Sirsi) u104707 |
| 110 ## - MAIN ENTRY--CORPORATE NAME | |
| Corporate name or jurisdiction name as entry element | Design and Build Institute of America |
| 9 (RLIN) | 3841 |
| 245 ## - TITLE STATEMENT | |
| Title | Design and Build Institute of America |
| 520 ## - SUMMARY, ETC. | |
| Summary, etc. | Web site aiming to 'continually improve the level of practice, to disseminate educational information and to furnish advice and support to facility owners and users' in the field of design and build. Includes links to a resource library of information and to their journal 'Dateline'. |
| 650 ## - SUBJECT ADDED ENTRY--TOPICAL TERM | |
| Topical term or geographic name entry element | USA |
| 650 ## - SUBJECT ADDED ENTRY--TOPICAL TERM | |
| Topical term or geographic name entry element | DESIGN AND BUILD |
| 650 ## - SUBJECT ADDED ENTRY--TOPICAL TERM | |
| Topical term or geographic name entry element | ORGANISATION |
| 650 ## - SUBJECT ADDED ENTRY--TOPICAL TERM | |
| Topical term or geographic name entry element | INTERNATIONAL |
| 690 ## - LOCAL SUBJECT ADDED ENTRY--TOPICAL TERM (OCLC, RLIN) | |
| Topical term or geographic name as entry element | BUILT ENVIRONMENT |
| 856 40 - ELECTRONIC LOCATION AND ACCESS | |
| Uniform Resource Identifier | <a href="https://www.dbia.org/">https://www.dbia.org/</a> |
| Public note | View the website free of charge at www.dbia.org.uk... |
| 942 ## - ADDED ENTRY ELEMENTS (KOHA) | |
| Suppress in OPAC | 0 |
| Withdrawn status | Lost status | Source of classification or shelving scheme | Damaged status | Not for loan | Home library | Current library | Shelving location | Date acquired | Total Checkouts | Full call number | Barcode | Date last seen | Copy number | Price effective from | Koha item type |
|---|---|---|---|---|---|---|---|---|---|---|---|---|---|---|---|
| Dewey Decimal Classification | Virtual | Virtual | Online | 08/03/2000 | WEB SITE | 104707-2001 | 06/08/2019 | 1 | 06/08/2019 | Online material |